[Event "12th EUR-ch"]
[Site "Aix-les-Bains FRA"]
[Date "2011.03.25"]
[Round "4.44"]
[White "Georgiev, Kiril"]
[Black "Godena, Michele"]
[Result "1/2-1/2"]
[WhiteElo "2666"]
[BlackElo "2526"]
[EventDate "2011.03.22"]
[PlyCount "65"]

1.c4 e5 2.g3 Nf6 3.Bg2 h6 4.Nc3 Bb4 5.Nd5 Nxd5 6.cxd5 O-O 7.e3 c6 8.a3 Be7
9.Ne2 cxd5 10.Bxd5 d6 11.O-O Nd7 12.Bg2 Nf6 13.b4 Qb6 14.Bb2 Be6 15.d4 
Rfd8 16.Nc3 Bc4 17.Re1 a5 18.Rb1 axb4 19.axb4 Bf8 20.b5 exd4 21.exd4 d5 
22.Bc1 Ne4 23.Nxe4 dxe4 24.Rxe4 Ba2 25.Rb2 Bd5 26.Rf4 Bd6 27.Rg4 Be6 28.
Be3 Bxg4 29.Qxg4 Ra1+ 30.Bf1 Be7 31.Kg2 Bf6 32.Rd2 Ra4 33.Qd1 1/2-1/2

[Event "12th EUR-ch"]
[Site "Aix-les-Bains FRA"]
[Date "2011.03.25"]
[Round "4.45"]
[White "Muzychuk, Anna"]
[Black "Cheparinov, Ivan"]
[Result "0-1"]
[WhiteElo "2528"]
[BlackElo "2664"]
[EventDate "2011.03.22"]
[PlyCount "70"]

1.e4 g6 2.d4 Bg7 3.Nc3 d6 4.f4 Nf6 5.Nf3 O-O 6.Bd3 Na6 7.O-O c5 8.d5 Rb8 
9.Kh1 Bg4 10.Be3 Nd7 11.a3 Nc7 12.a4 a6 13.a5 b5 14.axb6 Rxb6 15.Na4 Rb7 
16.c4 e6 17.h3 Bxf3 18.Qxf3 exd5 19.cxd5 Rb3 20.Bc2 Rb8 21.Rad1 Nb5 22.e5 
dxe5 23.Nxc5 Nd4 24.Bxd4 exd4 25.Nxa6 Rxb2 26.Ba4 Nb6 27.Bc6 Nc4 28.Nc5 
Ne3 29.Rb1 Rxg2 30.Rfe1 Qa5 31.Rxe3 dxe3 32.Qxg2 Qxc5 33.Qe4 Qc3 34.Qf3 
Qd2 35.Qd1 Bc3 0-1

[Event "12th EUR-ch"]
[Site "Aix-les-Bains FRA"]
[Date "2011.03.25"]
[Round "4.46"]
[White "Zvjaginsev, Vadim"]
[Black "Brandenburg, Daan"]
[Result "1/2-1/2"]
[WhiteElo "2663"]
[BlackElo "2527"]
[EventDate "2011.03.22"]
[PlyCount "75"]

1.e4 c5 2.Nf3 e6 3.c3 Nf6 4.Qe2 Nc6 5.g3 d5 6.e5 Nd7 7.d3 Be7 8.h4 b5 9.
Bg2 h6 10.h5 Qc7 11.Bf4 Bb7 12.O-O O-O-O 13.d4 cxd4 14.cxd4 a6 15.a4 b4 
16.a5 Kb8 17.Rc1 Ka8 18.Nbd2 Rb8 19.Nb3 Rhc8 20.Qe1 Qd8 21.Bd2 Qf8 22.Bf1 
Nd8 23.Bd3 Rxc1 24.Rxc1 Rc8 25.Rxc8+ Bxc8 26.Qc1 Kb8 27.Ne1 Bb7 28.Bf1 Qe8
29.Qc2 Ka7 30.Nd3 Nc6 31.Qc1 Qf8 32.Qe1 Ka8 33.Qa1 Ncb8 34.Qe1 Nc6 35.Be2 
Ka7 36.Qa1 Ncb8 37.Qe1 Nc6 38.Qa1 1/2-1/2

[Event "12th EUR-ch"]
[Site "Aix-les-Bains FRA"]
[Date "2011.03.25"]
[Round "4.47"]
[White "Guliyev, Namig"]
[Black "Fridman, Daniel"]
[Result "1/2-1/2"]
[WhiteElo "2522"]
[BlackElo "2661"]
[EventDate "2011.03.22"]
[PlyCount "24"]

1.e4 e6 2.d4 d5 3.Nc3 Nf6 4.e5 Nfd7 5.f4 c5 6.Nf3 Nc6 7.Be3 Qb6 8.a3 cxd4 
9.Nxd4 Bc5 10.Na4 Qa5+ 11.Nc3 Qb6 12.Na4 Qa5+ 1/2-1/2

[Event "12th EUR-ch"]
[Site "Aix-les-Bains FRA"]
[Date "2011.03.25"]
[Round "4.49"]
[White "Fargere, Francois"]
[Black "Smirin, Ilia"]
[Result "0-1"]
[WhiteElo "2520"]
[BlackElo "2658"]
[EventDate "2011.03.22"]
[PlyCount "64"]

1.e4 c5 2.Nf3 Nc6 3.Bb5 d6 4.O-O Bd7 5.Re1 Nf6 6.c3 a6 7.Ba4 c4 8.Bc2 Bg4 
9.h3 Bh5 10.b3 cxb3 11.axb3 e5 12.d3 Be7 13.Nbd2 d5 14.Bb2 O-O 15.exd5 
Nxd5 16.Nf1 Rc8 17.Ng3 Bg6 18.Qd2 Qc7 19.Ne4 Rfd8 20.Rac1 h6 21.Red1 Qb6 
22.Qe1 Bh5 23.g4 Bg6 24.Qf1 Nf4 25.Ng3 Bc5 26.Rd2 e4 27.Nxe4 Bxe4 28.dxe4 
Rxd2 29.Nxd2 Bxf2+ 30.Kh1 Qe3 31.Nc4 Qf3+ 32.Kh2 Bg3+ 0-1

[Event "12th EUR-ch"]
[Site "Aix-les-Bains FRA"]
[Date "2011.03.25"]
[Round "4.50"]
[White "Feller, Sebastien"]
[Black "Jansa, Vlastimil"]
[Result "1-0"]
[WhiteElo "2657"]
[BlackElo "2513"]
[EventDate "2011.03.22"]
[PlyCount "69"]

1.d4 Nf6 2.c4 g6 3.Nc3 d5 4.Nf3 Bg7 5.Qa4+ Bd7 6.Qb3 dxc4 7.Qxc4 O-O 8.Bf4
Na6 9.e4 c5 10.e5 Nh5 11.Be3 cxd4 12.Qxd4 Bc6 13.Be2 Qc7 14.O-O Bxf3 15.
Bxf3 Bxe5 16.Qe4 Nc5 17.Qb4 Nd3 18.Qb3 Bxc3 19.Qxc3 Qxc3 20.bxc3 Rac8 21.
Bxa7 Rxc3 22.a4 Rd8 23.Rfb1 Nhf4 24.a5 e5 25.Be3 Nc5 26.Bxc5 Rxc5 27.Bxb7 
Ne2+ 28.Kf1 Nc3 29.Rc1 Rc7 30.a6 Nb5 31.Rxc7 Nxc7 32.a7 Na8 33.Ke2 Kg7 34.
Bxa8 Rxa8 35.Kd3 1-0

[Event "12th EUR-ch"]
[Site "Aix-les-Bains FRA"]
[Date "2011.03.25"]
[Round "4.51"]
[White "Gharamian, Tigran"]
[Black "Bukavshin, Ivan"]
[Result "1/2-1/2"]
[WhiteElo "2650"]
[BlackElo "2501"]
[EventDate "2011.03.22"]
[PlyCount "71"]

1.e4 c5 2.Nf3 Nc6 3.d4 cxd4 4.Nxd4 Nf6 5.Nc3 e5 6.Ndb5 d6 7.Bg5 a6 8.Na3 
b5 9.Bxf6 gxf6 10.Nd5 Bg7 11.c3 f5 12.exf5 Bxf5 13.Nc2 O-O 14.Nce3 Be6 15.
Bd3 f5 16.O-O Ra7 17.a4 b4 18.cxb4 Nd4 19.Bc4 Kh8 20.Nc2 Qb8 21.Nxd4 exd4 
22.Qb3 Rc8 23.Rfe1 Bg8 24.Rac1 Bh6 25.Rcd1 Bg7 26.Qd3 Bxd5 27.Bxd5 Qxb4 
28.Qxf5 Rf8 29.Qc2 d3 30.Qxd3 Qxb2 31.Re2 Qb4 32.Re4 Qb6 33.Qe2 Rc7 34.g3 
Rc3 35.Re8 Rc8 36.Re7 1/2-1/2

[Event "12th EUR-ch"]
[Site "Aix-les-Bains FRA"]
[Date "2011.03.25"]
[Round "4.52"]
[White "Martinovic, Sasa"]
[Black "Tkachiev, Vladislav"]
[Result "1/2-1/2"]
[WhiteElo "2504"]
[BlackElo "2646"]
[EventDate "2011.03.22"]
[PlyCount "40"]

1.d4 d6 2.c4 e5 3.Nf3 e4 4.Ng5 f5 5.Nc3 Be7 6.Nh3 c6 7.g3 Nf6 8.Bg2 Nbd7 
9.O-O Nb6 10.b3 d5 11.c5 Nbd7 12.b4 Nf8 13.b5 Ne6 14.Nf4 Nc7 15.bxc6 bxc6 
16.h4 Ba6 17.Qa4 Qd7 18.Bd2 Bc4 19.Rfb1 Nb5 20.e3 Nxc3 1/2-1/2

[Event "12th EUR-ch"]
[Site "Aix-les-Bains FRA"]
[Date "2011.03.25"]
[Round "4.54"]
[White "Lobzhanidze, Davit"]
[Black "Pashikian, Arman"]
[Result "1/2-1/2"]
[WhiteElo "2489"]
[BlackElo "2642"]
[EventDate "2011.03.22"]
[PlyCount "76"]

1.e4 e5 2.Nf3 Nc6 3.Bb5 a6 4.Ba4 Nf6 5.d3 Bc5 6.c3 b5 7.Bb3 d6 8.O-O O-O 
9.Bg5 h6 10.Bh4 g5 11.Bg3 Bg4 12.Re1 Qd7 13.Nbd2 Rad8 14.Nf1 Bh5 15.Ne3 
Bg6 16.Nd5 Nxd5 17.exd5 Ne7 18.d4 exd4 19.Nxd4 Rfe8 20.f3 Nf5 21.Bf2 Rxe1+
22.Qxe1 Re8 23.Qd2 Nxd4 24.cxd4 Bb6 25.Re1 Rxe1+ 26.Qxe1 Qf5 27.h3 Kg7 28.
Qd1 a5 29.g4 Qf4 30.a4 b4 31.Kg2 h5 32.gxh5 Bf5 33.Bc4 Kh6 34.b3 Kxh5 35.
Bd3 Bd7 36.Bc2 Kh6 37.Qd3 Kg7 38.Qe3 Qxe3 1/2-1/2

[Event "12th EUR-ch"]
[Site "Aix-les-Bains FRA"]
[Date "2011.03.25"]
[Round "4.55"]
[White "Hracek, Zbynek"]
[Black "Yilmaz, Mustafa"]
[Result "1-0"]
[WhiteElo "2631"]
[BlackElo "2488"]
[EventDate "2011.03.22"]
[PlyCount "71"]

1.d4 d5 2.c4 c6 3.Nc3 Nf6 4.Nf3 dxc4 5.a4 Bf5 6.Nh4 Bg4 7.h3 Bh5 8.g4 Bg6 
9.Nxg6 hxg6 10.e4 e5 11.Bxc4 exd4 12.e5 Bb4 13.exf6 dxc3 14.Qxd8+ Kxd8 15.
O-O gxf6 16.Rd1+ Nd7 17.bxc3 Bc5 18.Bxf7 Ke7 19.Bxg6 Ne5 20.Bh5 Rhd8 21.
Bf4 a5 22.Re1 Rd3 23.Bxe5 fxe5 24.Rxe5+ Kd6 25.Rf5 Rxc3 26.Rd1+ Kc7 27.
Rf7+ Kb6 28.Rdd7 Rb8 29.Kg2 Rc4 30.g5 Rxa4 31.g6 Rh4 32.Bg4 Rhh8 33.g7 
Rhe8 34.h4 a4 35.Bd1 a3 36.Bb3 1-0

[Event "12th EUR-ch"]
[Site "Aix-les-Bains FRA"]
[Date "2011.03.25"]
[Round "4.56"]
[White "Paichadze, Luka"]
[Black "Salgado Lopez, Ivan"]
[Result "1/2-1/2"]
[WhiteElo "2487"]
[BlackElo "2630"]
[EventDate "2011.03.22"]
[PlyCount "135"]

1.e4 c5 2.Nf3 Nc6 3.Bb5 g6 4.c3 a6 5.Bxc6 dxc6 6.d4 cxd4 7.Qxd4 Qxd4 8.
Nxd4 e5 9.Nb3 Nf6 10.f3 Be6 11.Bg5 Nd7 12.N1d2 f6 13.Be3 O-O-O 14.O-O Be7 
15.Rfd1 Kc7 16.a4 Bf7 17.a5 c5 18.c4 Kc6 19.Rac1 f5 20.Re1 Rhe8 21.Nb1 Nf8
22.Nc3 f4 23.Bf2 Bxc4 24.Nxc5 Bxc5 25.Nb1 Bxf2+ 26.Kxf2 Kb5 27.Na3+ Kxa5 
28.Nxc4+ Kb4 29.Nb6 Rd2+ 30.Re2 Rxe2+ 31.Kxe2 Ne6 32.Rc3 Nd4+ 33.Kd3 Nb5 
34.Nd5+ Ka4 35.Rc4+ Kb3 36.Rb4+ Ka2 37.Nc3+ Nxc3 38.bxc3 Re7 39.Kc2 Ka3 
40.Kd2 Rd7+ 41.Kc2 Re7 42.Kd2 Rc7 43.Kc2 Rd7 44.Rb6 Re7 45.Rb4 g5 46.h3 h5
47.Rb6 g4 48.hxg4 hxg4 49.fxg4 Rg7 50.Kd3 Rxg4 51.Rxb7 Rxg2 52.Rb6 a5 53.
Rb5 a4 54.Rxe5 Rg3+ 55.Kd4 Kb2 56.Rb5+ Kc2 57.Ra5 Rd3+ 58.Ke5 f3 59.Rxa4 
Kd2 60.Ra2+ Ke3 61.c4 Rd2 62.Ra1 f2 63.c5 Rc2 64.Kd5 Re2 65.Rf1 Rd2+ 66.
Ke5 Rc2 67.Kd5 Rd2+ 68.Ke5 1/2-1/2

[Event "12th EUR-ch"]
[Site "Aix-les-Bains FRA"]
[Date "2011.03.25"]
[Round "4.57"]
[White "Safarli, Eltaj"]
[Black "Levin, Evgeny"]
[Result "1/2-1/2"]
[WhiteElo "2628"]
[BlackElo "2472"]
[EventDate "2011.03.22"]
[PlyCount "82"]

1.e4 e6 2.d4 d5 3.Nc3 Bb4 4.e5 Ne7 5.a3 Bxc3+ 6.bxc3 c5 7.h4 Qa5 8.Bd2 Qa4
9.h5 h6 10.Nf3 Nbc6 11.Rh4 c4 12.Rf4 Bd7 13.Nh4 Nf5 14.Nxf5 exf5 15.g4 
fxg4 16.Be2 Ne7 17.Bxg4 Be6 18.Be3 Qd7 19.Qf3 Bxg4 20.Rxg4 Nf5 21.Kd2 
O-O-O 22.Rf4 g6 23.Rg1 Rhg8 24.Qh3 Rdf8 25.Rf3 Qe6 26.Rg4 g5 27.Rxg5 hxg5 
28.Qxf5 g4 29.Rf4 Rh8 30.Ke2 Kd7 31.Qxe6+ Kxe6 32.Rf6+ Ke7 33.h6 Rfg8 34.
Rd6 g3 35.fxg3 Rxg3 36.Rxd5 Rhg8 37.Rc5 Rh3 38.Kf2 Rgg3 39.Bd2 Rf3+ 40.Ke2
Rfg3 41.Kf2 Rf3+ 1/2-1/2

[Event "12th EUR-ch"]
[Site "Aix-les-Bains FRA"]
[Date "2011.03.25"]
[Round "4.58"]
[White "Lupulescu, Constantin"]
[Black "Michalik, Peter"]
[Result "1-0"]
[WhiteElo "2626"]
[BlackElo "2471"]
[EventDate "2011.03.22"]
[PlyCount "63"]

1.d4 Nf6 2.c4 e6 3.Nc3 Bb4 4.Qc2 O-O 5.e4 d5 6.e5 Ne4 7.Bd3 c5 8.Ne2 Nd7 
9.cxd5 exd5 10.O-O Bxc3 11.bxc3 Nb6 12.Ba3 Re8 13.f3 Ng5 14.Bxc5 Nc4 15.
Bxc4 dxc4 16.f4 Ne6 17.Bd6 Nc7 18.Bxc7 Qxc7 19.f5 Qb6 20.Rab1 Qh6 21.Qe4 
Rb8 22.d5 b5 23.Nd4 a6 24.a4 Qd6 25.Nc6 Qc5+ 26.Kh1 Rb6 27.axb5 axb5 28.
Nb4 g6 29.e6 fxe6 30.fxe6 Bb7 31.Qf4 Rf8 32.Qe5 1-0

[Event "12th EUR-ch"]
[Site "Aix-les-Bains FRA"]
[Date "2011.03.25"]
[Round "4.59"]
[White "Goganov, Aleksey"]
[Black "Saric, Ivan"]
[Result "0-1"]
[WhiteElo "2469"]
[BlackElo "2626"]
[EventDate "2011.03.22"]
[PlyCount "142"]

1.d4 d5 2.c4 c6 3.Nc3 Nf6 4.e3 e6 5.Nf3 Nbd7 6.Qc2 Bd6 7.Bd3 O-O 8.O-O 
dxc4 9.Bxc4 a6 10.Rd1 Qc7 11.Ne4 Be7 12.Bd2 c5 13.Nxf6+ Nxf6 14.Bd3 b6 15.
e4 h6 16.dxc5 bxc5 17.Bc3 Bb7 18.Be5 Qc6 19.Nd2 Rfd8 20.Nc4 a5 21.f3 a4 
22.Bf1 Ba6 23.Bc3 Bxc4 24.Bxc4 Nd7 25.Qe2 Qc7 26.Qe1 Bd6 27.Qh4 Be5 28.Qe7
Bxh2+ 29.Kh1 Nb6 30.Qxc7 Bxc7 31.Bb5 f6 32.Kg1 Kf7 33.Kf1 Ke7 34.Ke2 Nc8 
35.Rxd8 Bxd8 36.Bc6 Ra7 37.Rd1 e5 38.Be1 Nd6 39.Bf2 Ra6 40.Bd5 Bb6 41.Rc1 
Ra5 42.Kf1 f5 43.b3 axb3 44.axb3 fxe4 45.fxe4 Rb5 46.Bh4+ g5 47.Bg3 Rb4 
48.Be1 Rxe4 49.Bxe4 Nxe4 50.Ke2 h5 51.Kf3 Nf6 52.Bf2 g4+ 53.Ke2 Ne4 54.Be3
Kd6 55.Kd3 Kd5 56.b4 h4 57.bxc5 Bxc5 58.Bxc5 Nxc5+ 59.Ke3 Ne6 60.Ra1 Nf4 
61.Ra2 Ke6 62.Ke4 Kf6 63.Rc2 g3 64.Kf3 Kf5 65.Ra2 e4+ 66.Ke3 Nxg2+ 67.Rxg2
Kg4 68.Ra2 h3 69.Ra8 h2 70.Rg8+ Kf5 71.Rf8+ Ke6 0-1

[Event "12th EUR-ch"]
[Site "Aix-les-Bains FRA"]
[Date "2011.03.25"]
[Round "4.60"]
[White "Potapov, Pavel"]
[Black "Matlakov, Maxim"]
[Result "0-1"]
[WhiteElo "2474"]
[BlackElo "2625"]
[EventDate "2011.03.22"]
[PlyCount "80"]

1.e4 c6 2.d4 d5 3.e5 Bf5 4.Nf3 e6 5.Be2 Nd7 6.O-O Bg6 7.Be3 Nh6 8.c4 Nf5 
9.Nc3 Be7 10.a3 O-O 11.b4 a5 12.b5 dxc4 13.bxc6 bxc6 14.Bxc4 Nb6 15.Bd3 
Nd5 16.Nxd5 Qxd5 17.Qc2 c5 18.Qc4 Nxe3 19.fxe3 Qxc4 20.Bxc4 cxd4 21.exd4 
Rfc8 22.Rfc1 Rc7 23.d5 Bxa3 24.Rxa3 exd5 25.Nd2 h6 26.Ra4 dxc4 27.Rcxc4 
Rd7 28.Nb3 Rb8 29.Rc3 Rd1+ 30.Kf2 Rb1 31.Nc1 R8b5 32.Nd3 Bxd3 33.Rxd3 
R1b2+ 34.Kf3 Rxe5 35.h4 Rf5+ 36.Ke4 g6 37.g3 Kg7 38.Kd4 Rfb5 39.Raa3 R2b4+
40.Ke3 a4 0-1

[Event "12th EUR-ch"]
[Site "Aix-les-Bains FRA"]
[Date "2011.03.25"]
[Round "4.61"]
[White "Romanov, Evgeny"]
[Black "Beikert, Gunther"]
[Result "1-0"]
[WhiteElo "2624"]
[BlackElo "2465"]
[EventDate "2011.03.22"]
[PlyCount "97"]

1.e4 c6 2.Nc3 d5 3.Nf3 Bg4 4.h3 Bxf3 5.Qxf3 e6 6.d3 Bb4 7.a3 Bxc3+ 8.bxc3 
Ne7 9.g3 Qa5 10.Bd2 Qa4 11.exd5 cxd5 12.Qg4 Qxg4 13.hxg4 Nd7 14.Bg2 Rc8 
15.a4 f6 16.f4 Kf7 17.Kf2 h6 18.Rhb1 Rc7 19.a5 Rhc8 20.Ra3 Nc6 21.Be3 b6 
22.axb6 axb6 23.Ke1 Ke7 24.Kd2 Kd6 25.Bxb6 Rb7 26.Rab3 Rxb6 27.Rxb6 Nxb6 
28.Rxb6 Rb8 29.Ra6 Rb1 30.c4 Kc5 31.cxd5 exd5 32.Bf3 Rf1 33.Ke3 d4+ 34.Ke2
Nb4 35.Ra7 Rc1 36.Rxg7 Rxc2+ 37.Kf1 Rc1+ 38.Ke2 Rc2+ 39.Kd1 Rf2 40.Be4 Nd5
41.Ke1 Ra2 42.g5 hxg5 43.fxg5 f5 44.Bxf5 Ne3 45.Be4 Ra1+ 46.Ke2 Rg1 47.g6 
Rxg3 48.Rd7 Ng4 49.Rd5+ 1-0

[Event "12th EUR-ch"]
[Site "Aix-les-Bains FRA"]
[Date "2011.03.25"]
[Round "4.62"]
[White "Lenic, Luka"]
[Black "Delorme, Axel"]
[Result "1/2-1/2"]
[WhiteElo "2623"]
[BlackElo "2458"]
[EventDate "2011.03.22"]
[PlyCount "35"]

1.c4 e6 2.Nc3 d5 3.d4 Be7 4.Nf3 Nf6 5.Bf4 O-O 6.e3 b6 7.cxd5 Nxd5 8.Nxd5 
Qxd5 9.Bd3 Qa5+ 10.Nd2 Ba6 11.Bxa6 Nxa6 12.O-O c5 13.Qe2 cxd4 14.Nb3 d3 
15.Qxd3 Nc5 16.Nxc5 Qxc5 17.Rac1 Qa5 18.Qb3 1/2-1/2

[Event "12th EUR-ch"]
[Site "Aix-les-Bains FRA"]
[Date "2011.03.25"]
[Round "4.63"]
[White "Bok, Benjamin"]
[Black "Volkov, Sergey"]
[Result "1/2-1/2"]
[WhiteElo "2463"]
[BlackElo "2621"]
[EventDate "2011.03.22"]
[PlyCount "42"]

1.e4 e6 2.d4 d5 3.Nd2 a6 4.Ngf3 c5 5.dxc5 Bxc5 6.Bd3 Nc6 7.exd5 exd5 8.O-O
Nge7 9.Nb3 Bb6 10.Re1 O-O 11.Be3 Bxe3 12.Rxe3 h6 13.Nbd4 Nxd4 14.Nxd4 Nc6 
15.c3 Nxd4 16.cxd4 Qb6 17.Qd2 Bd7 18.Rae1 Rfe8 19.Rxe8+ Rxe8 20.Rxe8+ Bxe8
21.h3 Kf8 1/2-1/2

[Event "12th EUR-ch"]
[Site "Aix-les-Bains FRA"]
[Date "2011.03.25"]
[Round "4.64"]
[White "Beliavsky, Alexander"]
[Black "Van Kampen, Robin"]
[Result "1/2-1/2"]
[WhiteElo "2619"]
[BlackElo "2456"]
[EventDate "2011.03.22"]
[PlyCount "141"]

1.d4 d5 2.c4 c6 3.Nf3 Nf6 4.Nc3 e6 5.e3 Nbd7 6.Qc2 Bd6 7.b3 O-O 8.Be2 b6 
9.O-O Bb7 10.Rd1 Qe7 11.e4 dxe4 12.Nxe4 Nxe4 13.Qxe4 Nf6 14.Qh4 c5 15.Bg5 
h6 16.Bxf6 Qxf6 17.Qxf6 gxf6 18.d5 Rad8 19.Nh4 Rfe8 20.Bf3 Bc8 21.g3 Be5 
22.Rac1 Bd4 23.Kf1 Kg7 24.Bg2 Ba6 25.Re1 Bc8 26.Rc2 exd5 27.Rxe8 Rxe8 28.
Bxd5 f5 29.f4 Kf6 30.Nf3 Ba1 31.Kf2 Rd8 32.Ke3 Be6 33.Rd2 Bc3 34.Rd3 Ba1 
35.Kd2 a6 36.Kc2 Kg7 37.Bb7 Rxd3 38.Kxd3 a5 39.Ne5 Kf6 40.Nc6 Bd7 41.Na7 
Bd4 42.Bc8 Be8 43.a4 Bb2 44.Ke2 Ba1 45.Kf3 Bb2 46.Kg2 Bd4 47.Bb7 Bd7 48.
Bc6 Be6 49.Nb5 Ke7 50.Kf3 Bb2 51.Ke3 Ba1 52.Bf3 Kd7 53.h3 Bb2 54.Kd2 Bf6 
55.g4 Bd8 56.Ke3 fxg4 57.Bxg4 f5 58.Bf3 Bf6 59.Bd5 Bd8 60.Kd3 Bf6 61.Bxe6+
Kxe6 62.Nc7+ Kd7 63.Nd5 Bd8 64.Ke3 Ke6 65.Kf3 Kf7 66.Kg3 Ke6 67.Ne3 Be7 
68.Ng2 Bd8 69.Ne1 Be7 70.Nf3 Bf6 71.h4 1/2-1/2

[Event "12th EUR-ch"]
[Site "Aix-les-Bains FRA"]
[Date "2011.03.25"]
[Round "4.65"]
[White "Ivanisevic, Ivan"]
[Black "Caspi, Israel"]
[Result "1-0"]
[WhiteElo "2617"]
[BlackElo "2451"]
[EventDate "2011.03.22"]
[PlyCount "63"]

1.d4 f5 2.c4 Nf6 3.Nc3 g6 4.h4 Bg7 5.h5 Nxh5 6.e4 c5 7.dxc5 O-O 8.exf5 
Rxf5 9.g4 Re5+ 10.Be2 Nf6 11.Nf3 Rxc5 12.Be3 Ra5 13.c5 Nc6 14.Ng5 d5 15.
cxd6 Qxd6 16.Qb3+ e6 17.Rd1 Qe7 18.Bf4 h6 19.Bd6 Qe8 20.Nge4 Nxe4 21.Nxe4 
Qf7 22.Rh3 Rd5 23.Rf3 Qd7 24.Rxd5 exd5 25.Rf8+ Bxf8 26.Nf6+ Kg7 27.Nxd7 
Bxd6 28.Qxd5 Bxd7 29.Qxd6 Rd8 30.Qc7 b6 31.Bb5 Re8+ 32.Kf1 1-0

[Event "12th EUR-ch"]
[Site "Aix-les-Bains FRA"]
[Date "2011.03.25"]
[Round "4.66"]
[White "Zakhartsov, Viacheslav"]
[Black "Vernay, Clovis"]
[Result "1/2-1/2"]
[WhiteElo "2608"]
[BlackElo "2449"]
[EventDate "2011.03.22"]
[PlyCount "127"]

1.d4 d5 2.c4 c6 3.Nf3 Nf6 4.Nc3 dxc4 5.a4 Bf5 6.e3 e6 7.Bxc4 Bb4 8.O-O O-O
9.Nh4 Bg4 10.f3 Bh5 11.g4 Nd5 12.Ng2 Bg6 13.Na2 Bd6 14.e4 Nb6 15.Bb3 c5 
16.a5 N6d7 17.d5 Qc7 18.dxe6 c4 19.Bxc4 Bxh2+ 20.Kh1 Qxc4 21.e7 Re8 22.
Kxh2 Nf6 23.Bg5 Qc7+ 24.Kh1 Nbd7 25.Bf4 Ne5 26.Nc3 Qxe7 27.Bxe5 Qxe5 28.f4
Qc7 29.f5 Nxe4 30.Nxe4 Rxe4 31.fxg6 hxg6 32.Qf3 Rae8 33.Rac1 Qd7 34.Rcd1 
Qc7 35.Rc1 Qd7 36.Rce1 f5 37.Rxe4 Rxe4 38.Qb3+ Qf7 39.Qxf7+ Kxf7 40.gxf5 
g5 41.Ne1 Ra4 42.Nd3 Rxa5 43.Kg2 Kf6 44.Rc1 Kxf5 45.Kf3 g4+ 46.Ke3 Rb5 47.
Rc7 g5 48.Rf7+ Ke6 49.Rf1 Rb6 50.Ke4 Rc6 51.Rh1 Rc4+ 52.Ke3 Rc7 53.Ra1 b6 
54.Ra4 Kf5 55.Rd4 Re7+ 56.Kf2 Rh7 57.Kg2 Re7 58.Rd5+ Ke4 59.Rd8 Kf5 60.
Rf8+ Ke4 61.Nf2+ Kd4 62.Rd8+ Kc4 63.Rd2 Kb3 64.Nxg4 1/2-1/2

[Event "12th EUR-ch"]
[Site "Aix-les-Bains FRA"]
[Date "2011.03.25"]
[Round "4.67"]
[White "Berbatov, Kiprian"]
[Black "Hammer, Jon Ludvig"]
[Result "0-1"]
[WhiteElo "2454"]
[BlackElo "2606"]
[EventDate "2011.03.22"]
[PlyCount "128"]

1.e4 e5 2.Nf3 Nc6 3.Nc3 Nf6 4.Bb5 Bc5 5.O-O O-O 6.Nxe5 Nxe5 7.d4 Bd6 8.f4 
Neg4 9.e5 Be7 10.h3 d6 11.exf6 Nxf6 12.g4 d5 13.Bd3 c6 14.Qf3 Qb6 15.a3 
Ne8 16.Be3 f5 17.g5 Nd6 18.h4 Ne4 19.Ne2 Be6 20.c3 Qb3 21.Rab1 b6 22.Nc1 
Qa4 23.Qg2 c5 24.Bc2 Qe8 25.Nd3 Qh5 26.Ne5 Bd6 27.Qh3 Rac8 28.Bd1 Qe8 29.
Qh2 c4 30.a4 a6 31.Ra1 Ra8 32.Bf3 b5 33.axb5 axb5 34.Qc2 Qc8 35.Rfb1 Ra6 
36.Qc1 b4 37.Rxa6 Qxa6 38.Ra1 Qb6 39.Ra4 Rb8 40.cxb4 Bxb4 41.Rxb4 Qxb4 42.
Nc6 Qxb2 43.Nxb8 Qxb8 44.Kg2 Qb3 45.Bd1 Qd3 46.h5 Bc8 47.Bf3 c3 48.g6 Ba6 
49.Qe1 Kh8 50.Qc1 Nf6 51.Qa3 Qxe3 52.Qxa6 hxg6 53.hxg6 Qe8 54.Qb7 c2 55.
Qc7 Qxg6+ 56.Kf2 Ng4+ 57.Ke1 Qe8+ 58.Kd2 Qe3+ 59.Kxc2 Qxf3 60.Qc8+ Kh7 61.
Qxf5+ g6 62.Qf7+ Kh6 63.Qf8+ Kh5 64.Qh8+ Nh6 0-1

[Event "12th EUR-ch"]
[Site "Aix-les-Bains FRA"]
[Date "2011.03.25"]
[Round "4.68"]
[White "Papaioannou, Ioannis"]
[Black "Aloma Vidal, Robert"]
[Result "1-0"]
[WhiteElo "2605"]
[BlackElo "2434"]
[EventDate "2011.03.22"]
[PlyCount "49"]

1.d4 Nf6 2.Nf3 g6 3.Bg5 Bg7 4.Nbd2 d5 5.e3 O-O 6.Be2 c5 7.c3 b6 8.O-O Bb7 
9.b4 Nbd7 10.a4 Ne4 11.Nxe4 dxe4 12.Nd2 h6 13.Bh4 g5 14.Bg3 e5 15.dxc5 
bxc5 16.Nc4 Rb8 17.Nd6 Ba8 18.Nf5 Qc7 19.f4 cxb4 20.fxg5 bxc3 21.Bb5 Nc5 
22.gxh6 Bf6 23.Bh4 Qd8 24.Ne7+ Kh7 25.Qg4 1-0

[Event "12th EUR-ch"]
[Site "Aix-les-Bains FRA"]
[Date "2011.03.25"]
[Round "4.69"]
[White "Schroll, Gerhard"]
[Black "Chatalbashev, Boris"]
[Result "1/2-1/2"]
[WhiteElo "2449"]
[BlackElo "2602"]
[EventDate "2011.03.22"]
[PlyCount "57"]

1.d4 Nf6 2.Nf3 g6 3.Nc3 d5 4.Bf4 Bg7 5.e3 O-O 6.Be2 Bg4 7.h3 Bxf3 8.Bxf3 
c6 9.Qd2 Nbd7 10.O-O Re8 11.Rfd1 Qb6 12.Na4 Qa6 13.b3 e5 14.dxe5 Nxe5 15.
Be2 b5 16.Nc5 Qa3 17.Bxe5 Rxe5 18.b4 Ne4 19.Nxe4 Rxe4 20.Rab1 Bc3 21.Qd3 
Bxb4 22.Bf3 Rc4 23.e4 dxe4 24.Bxe4 Qxa2 25.Qf3 Qa6 26.Rd7 Rf8 27.Rc7 Qa4 
28.Rxc6 Rxc6 29.Bxc6 1/2-1/2

[Event "12th EUR-ch"]
[Site "Aix-les-Bains FRA"]
[Date "2011.03.25"]
[Round "4.70"]
[White "Zhukova, Natalia"]
[Black "Kulaots, Kaido"]
[Result "1/2-1/2"]
[WhiteElo "2443"]
[BlackElo "2601"]
[EventDate "2011.03.22"]
[PlyCount "29"]

1.d4 Nf6 2.c4 g6 3.Nc3 d5 4.Nf3 Bg7 5.Qa4+ Bd7 6.Qb3 dxc4 7.Qxc4 Bc6 8.Bf4
Bxf3 9.gxf3 c6 10.e3 Nbd7 11.Be2 O-O 12.O-O Qa5 13.Bg3 Qf5 14.Qb4 c5 15.
dxc5 1/2-1/2

[Event "12th EUR-ch"]
[Site "Aix-les-Bains FRA"]
[Date "2011.03.25"]
[Round "4.71"]
[White "Tregubov, Pavel"]
[Black "Haznedaroglu, Kivanc"]
[Result "1/2-1/2"]
[WhiteElo "2598"]
[BlackElo "2440"]
[EventDate "2011.03.22"]
[PlyCount "142"]

1.d4 Nf6 2.c4 e6 3.Nf3 d5 4.Nc3 Be7 5.Bf4 O-O 6.e3 Nbd7 7.c5 c6 8.h3 b6 9.
b4 a5 10.a3 Bb7 11.Bd3 Qc8 12.O-O Ba6 13.Na4 Bxd3 14.Qxd3 b5 15.Nc3 Qb7 
16.Nd2 axb4 17.axb4 Rxa1 18.Rxa1 Ra8 19.Qb1 Ne8 20.Nb3 Bd8 21.Rxa8 Qxa8 
22.Qa2 Qb7 23.Ne2 Kf8 24.Nec1 Bc7 25.Nd3 f6 26.Bxc7 Nxc7 27.Na5 Qa8 28.Qe2
Kg8 29.Qg4 Nf8 30.Qf4 Ne8 31.h4 Qc8 32.h5 h6 33.Kf1 Nh7 34.Ke2 Ng5 35.f3 
Nf7 36.Qg3 Nd8 37.Nf4 Qc7 38.Qh3 Qd7 39.Kd2 Nc7 40.Ng6 Na6 41.Kc3 Kf7 42.
Nf4 Qc7 43.Qg4 e5 44.Ng6 exd4+ 45.exd4 Ke8 46.Nh4 Qe7 47.Kd2 Qd7 48.Nf5 
Kf8 49.Kc3 Nc7 50.Nb3 Nce6 51.Qg3 Qc7 52.Qd6+ Qxd6 53.cxd6 Ke8 54.Nc5 Kf7 
55.Kd2 Nf8 56.Ke3 Nfe6 57.g4 Nf8 58.f4 Nfe6 59.Kf3 Ke8 60.Kg3 Kf7 61.Kf3 
Ke8 62.Kg3 Kf7 63.Nxe6 Nxe6 64.d7 Kf8 65.g5 fxg5 66.fxg5 hxg5 67.Kg4 Kf7 
68.Kg3 Kf6 69.Kg4 Kf7 70.Kg3 Kf6 71.Kg4 Kf7 1/2-1/2

[Event "12th EUR-ch"]
[Site "Aix-les-Bains FRA"]
[Date "2011.03.25"]
[Round "4.72"]
[White "Pantsulaia, Levan"]
[Black "Houska, Jovanka"]
[Result "1-0"]
[WhiteElo "2595"]
[BlackElo "2419"]
[EventDate "2011.03.22"]
[PlyCount "61"]

1.Nf3 d5 2.g3 Bg4 3.Bg2 Nd7 4.c4 e6 5.cxd5 exd5 6.h3 Bxf3 7.Bxf3 Ngf6 8.
O-O Be7 9.d3 c6 10.Nc3 Nc5 11.Bg2 O-O 12.e4 d4 13.Ne2 a5 14.g4 Ne8 15.f4 
Nc7 16.g5 f5 17.Ng3 g6 18.h4 fxe4 19.dxe4 N7e6 20.Qg4 Ng7 21.h5 gxh5 22.
Nxh5 Nxh5 23.Qxh5 Qe8 24.Qh3 Qd7 25.Qg3 Qe6 26.Bh3 Qxe4 27.Re1 Qc2 28.Rxe7
Rae8 29.Qe1 Rxe7 30.Qxe7 Rf7 31.Qd8+ 1-0

[Event "12th EUR-ch"]
[Site "Aix-les-Bains FRA"]
[Date "2011.03.25"]
[Round "4.73"]
[White "Govciyan, Pavel"]
[Black "Brkic, Ante"]
[Result "1/2-1/2"]
[WhiteElo "2434"]
[BlackElo "2592"]
[EventDate "2011.03.22"]
[PlyCount "33"]

1.c4 e5 2.g3 Nf6 3.Bg2 d5 4.cxd5 Nxd5 5.Nc3 Nb6 6.Nf3 Nc6 7.O-O Be7 8.a3 
O-O 9.b4 Be6 10.Rb1 f6 11.d3 Nd4 12.Nd2 c6 13.e3 Nb5 14.Qc2 Nxc3 15.Qxc3 
Qc7 16.Nb3 Rad8 17.Rd1 1/2-1/2

[Event "12th EUR-ch"]
[Site "Aix-les-Bains FRA"]
[Date "2011.03.25"]
[Round "4.74"]
[White "Smirnov, Artem"]
[Black "Mamedov, Nidjat"]
[Result "1/2-1/2"]
[WhiteElo "2425"]
[BlackElo "2583"]
[EventDate "2011.03.22"]
[PlyCount "42"]

1.d4 g6 2.c4 Bg7 3.e4 d6 4.Nc3 Nf6 5.Nf3 O-O 6.Be2 e5 7.dxe5 dxe5 8.Qxd8 
Rxd8 9.Bg5 c6 10.Nxe5 Re8 11.O-O-O Na6 12.f4 h6 13.Bh4 g5 14.Bg3 Nc5 15.
Bf3 g4 16.Be2 Nfxe4 17.Nxe4 Nxe4 18.Bxg4 Bxe5 19.Bxc8 Bxb2+ 20.Kxb2 Raxc8 
21.Rhe1 Nxg3 1/2-1/2